000
00214 a2200097 4500
020
_a
9788495601216
041
_a
spa
100
_a
Helena Matheopoulos
245
_a
Placido Domingo mis personajes mi vida
942
_c
K
999
_c
26935
_d
26935